|
|
|
|
| LEADER |
00000nam0a2200000 4500 |
| 001 |
328312 |
| 005 |
20231102004040.0 |
| 035 |
|
|
|a (RuTPU)RU\TPU\book\354012
|
| 090 |
|
|
|a 328312
|
| 100 |
|
|
|a 20170215d1960 k y0rusy50 ca
|
| 101 |
0 |
|
|a rus
|
| 102 |
|
|
|a RU
|
| 105 |
|
|
|a a z 001zy
|
| 200 |
1 |
|
|a Гематологические сдвиги при острой лучевой болезни, вызванной на бетатроне 25 МЭВ
|f Е. Д. Гольдберг
|g Томский государственный медицинский институт (ТГМИ)
|
| 210 |
|
|
|a Томск
|c Изд-во Томского ун-та
|d 1960
|
| 215 |
|
|
|a 40 с.
|c ил.
|
| 316 |
|
|
|5 63413507: КР-2352
|a На титульном листе дарственная надпись: "Глубокоуважаемому Ивану Петровичу Чучалину от Автора. 1 июня 1961 г."
|
| 317 |
|
|
|5 63413507: КР-2352
|a Поступила в НТБ в 2017 г. в составе книжного собрания ректора ТПИ И. П. Чучалина
|
| 320 |
|
|
|a Библиогр.: с. 35-36
|
| 606 |
1 |
|
|a Лучевая болезнь
|x Лечение
|2 stltpush
|3 (RuTPU)RU\TPU\subj\40647
|9 60490
|
| 610 |
1 |
|
|a бетатроны
|
| 610 |
1 |
|
|a воздействие
|
| 610 |
1 |
|
|a кровь
|
| 610 |
1 |
|
|a лучи
|
| 610 |
1 |
|
|a морские свинки
|
| 610 |
1 |
|
|a кровяные показатели
|
| 610 |
1 |
|
|a изменение
|
| 610 |
1 |
|
|a нуклеиновые кислоты
|
| 610 |
1 |
|
|a костный мозг
|
| 610 |
1 |
|
|a коллекция И. П. Чучалина
|
| 610 |
1 |
|
|a дары библиотеке
|
| 610 |
1 |
|
|a дарственные надписи
|
| 675 |
|
|
|a 616-001
|v 4
|
| 700 |
|
1 |
|a Гольдберг
|b Е. Д.
|
| 712 |
0 |
2 |
|a Томский государственный медицинский институт (ТГМИ)
|c (1930-1992)
|2 stltpush
|3 (RuTPU)RU\TPU\col\16267
|
| 801 |
|
1 |
|a RU
|b 63413507
|c 20170215
|
| 801 |
|
2 |
|a RU
|b 63413507
|c 20190125
|g RCR
|
| 942 |
|
|
|c BK
|